|
|
|
|
| LEADER |
00000naa2a2200000 4500 |
| 001 |
206086 |
| 005 |
20231031190606.0 |
| 035 |
|
|
|a (RuTPU)RU\TPU\book\224635
|
| 035 |
|
|
|a RU\TPU\book\224630
|
| 090 |
|
|
|a 206086
|
| 100 |
|
|
|a 20111223d1977 k y0rusy50 ca
|
| 101 |
0 |
|
|a rus
|
| 102 |
|
|
|a RU
|
| 200 |
1 |
|
|a Влияние условий ступенчатой бисульфитной варки на свойства целлюлозы высокого выхода из древесины переменного породного состава
|f Л. В. Семенихина, Р. З. Пен
|
| 320 |
|
|
|a Библиогр.: с. 83 (2 назв.)
|
| 461 |
|
0 |
|0 (RuTPU)RU\TPU\book\136931
|t Химия и химическая технология древесины
|o межвузовский сборник научных трудов
|f Сибирский технологический институт (СибТИ)
|d 1973-1977
|
| 463 |
|
0 |
|0 (RuTPU)RU\TPU\book\224610
|t Вып. 5
|v С. 78-83
|d 1977
|p 164 с.
|
| 700 |
|
1 |
|a Семенихина
|b Л. В.
|
| 701 |
|
1 |
|a Пен
|b Р. З.
|
| 801 |
|
1 |
|a RU
|b 63413507
|c 20111223
|
| 801 |
|
2 |
|a RU
|b 63413507
|c 20111223
|g RCR
|
| 942 |
|
|
|c BK
|